000 00617pam a2200217 a 4500
001 4868233
005 20231120022102.0
008 920320s1993 enk b 001 0 eng
020 _a0415037778
020 _a0415037786(pbk)
040 _aDLC
_cDLC
_dDLC
082 0 0 _a305.42/01
_220
245 0 4 _aThe Lonely mirror :
_bItalian perspectives on feminist theory /
_cedited by Sandra Kemp and Paola Bono.
260 _aLondon ;
_aNew York :
_bRoutledge,
_c1993.
300 _ax, 251 p. ;
650 0 _aFeminist theory.
650 0 _aFeminism
700 1 _aKemp, Sandra.
_eedt
700 1 _aBono, Paola.
_eedt
942 _cL
999 _c38
_d38